| 000 | 01036nam a2200337 a 4500 | ||
|---|---|---|---|
| 001 | 24713 | ||
| 003 | CO-ViMGA | ||
| 005 | 20230915232014.0 | ||
| 006 | bimo0001136275 | ||
| 008 | 141112s2004 ck r 000 u spa d | ||
| 016 | _abimoBNE19993869512 SpMaBN | ||
| 017 | _aM 26688 - 1998 Oficina Depósito Legal Madrid | ||
| 020 | _a8436812301 | ||
| 035 | _a(OCoLC)39937349 | ||
| 040 |
_aCO-ViMGA _bspa _cCO-ViMGA |
||
| 080 | _a618.173 | ||
| 082 | 0 | 4 | _a612.665 P151g |
| 100 | 1 |
_aPalacios, Santiago _936859 |
|
| 245 | 1 | 0 |
_aGuía de la menopausia : _bla necesidad de cuidarse / _cSantiago Palacios, Carmen Menéndez |
| 260 |
_aMadrid : _bPirámide [1998] |
||
| 300 | _a174 p. 21 cm | ||
| 490 | _aMujer y salud | ||
| 650 | 1 | 4 |
_aClimaterio _936860 |
| 650 | 1 | 4 | _aMenopausia |
| 700 | 1 |
_aMenéndez, Carmen _936861 |
|
| 926 | _aBNALCALA SG_PETANTI 10/103069 FONDO_MODE 1 | ||
| 927 | _aBNALCALA | ||
| 942 |
_2ddc _cBK |
||
| 956 | _a2 | ||
| 980 | _a017. M 26688 - 1998 852. 40 M - BN BNALCALA MO03097086 10/103069 DG ALCALA | ||
| 999 |
_c32518 _d32518 |
||